000 00590nam a2200205Ii 4500
001 7414
003 CO-ViMGA
008 241108s9999||||xx |||||||||||||| ||und||
040 _aCO-ViMGA
_bspa
_erda
_cCO-ViMGA
041 0 _aspa
082 0 4 _a338.90086138 M445
100 1 _aMiguel Matus Caile
_950644
245 1 0 _aBalance de una gestión
264 1 _aBogotá, Colombia : Gráficas Cabrera, 1982
300 _avolumen
336 _atext
_btxt
_2rdacontent
337 _aunmediated
_bn
_2rdamedia
338 _avolume
_bnc
_2rdacarrier
940 _aidficha_siabuc: 7243. -- ficha_no_siabuc:7414
999 _c45329
_d45329